Caricamento...

Tantraloka of Abhinava Gupta: with commentary by Rajanaka Jayaratha (v.3)/

Dettagli Bibliografici
Autore principale: Abhinava Gupta
Altri autori: Rajanaka Jayaratha
Natura: Printed Book
Pubblicazione: New Delhi: Cosmo, 2009.
Soggetti:
LEADER 00731nam a22002057a 4500
020 |a 9788130709536 
082 |a S 294.5513  |b ABH/T.3 
100 |a Abhinava Gupta  |9 10187 
245 |a Tantraloka of Abhinava Gupta:  |b with commentary by Rajanaka Jayaratha (v.3)/  |c by Abhinava Gupta. 
260 |a New Delhi:  |b Cosmo,  |c 2009. 
300 |a 471p. 
650 |a Saivism  |z Kashmir  |9 10188 
650 |a Kashmiri Saivism  |9 10189 
650 |a Tantrism  |9 10190 
650 |a Hinduism  |9 10191 
650 |a Religion  |9 10192 
700 |a Rajanaka Jayaratha  |9 10193 
942 |c BK 
999 |c 64155  |d 64155 
952 |0 0  |1 0  |4 0  |6 S_294_551300000000000_ABH_T_3  |7 0  |9 85623  |a SSUS  |b SSUS  |c REF  |d 2017-01-27  |g 750.00  |o S 294.5513 ABH/T.3  |p 083405  |r 2017-01-27  |w 2017-01-27  |y REF